LEADER 00987nam a2200241 4500 001 000000355928 003 CaOOAMICUS 005 20231025094847.0 008 231025s2018 it 000 u ita r 040 $aSeMil$bita 100 1 $aAtwood, Margaret,$d<1939- >.$0(OLS)http://semarc/name/115174 240 14$aThe handmaid's tale.$0(OLS)http://semarc/title/446144 245 13$aIl racconto dell'ancella /$cMargaret Atwood. 264 1$a[Roma] :$bLa biblioteca di repubblica-L'espresso,$c2018. 300 $a332 p. ;$c22 cm 490 1 $aNovecento duemila ;$v11 830 0$aNovecento duemila ;$v11.$0(OLS)http://semarc/title/446016 850 $aSeMil 852 $aSeMil$W1$xVenegono$y1$m1T IV 49$j244257$B247118$CSeMilBibl$Z2$F247118 $81 961 $aComo don Giuseppe - Omaggio 996 $6245$aIl racconto dell'ancella$9(OLS)http://semarc/title/446145 996 $6264$a[Roma] :$bLa biblioteca di repubblica-L'espresso$9(OLS)http://semarc/publisher/61326 LEADER 00575nab a2200145 i 4500 001 000000272722 003 CaOOAMICUS 005 20100325000000.0 008 100325n xx uu u0 0und r 013 $a20626 040 $aSeMil$bita 245 10$aAño sacerdotal :$bel ministerio ordenado según la liturgia. - Titolo dalla copertina. 500 $aNoviembre-Diciembre 2009. 773 0 $t2009.$dBarcelona : Centre de Pastoral Litúrgica, 2009.$w()178949 996 $6245$aAño sacerdotal :$bel ministerio ordenado según la liturgia. - Titolo dalla copertina.$9(OLS)http://semarc/title/360421